Tilastot visalle Jalkapallon maailmanmestaruuskilpailujen maratontaulukko

Klikkaa tästä pelataksesi tätä visaa!

Yleistilastot

  • Tätä visaa on pelattu 722 kertaa
  • Keskiarvotulos 9 / 10

Vastaustilastot

PisteetJoukkue% Oikein
247Brasilia
98%
158Argentiina
97%
131Ranska
96%
225Saksa | Länsi-Saksa
96%
156Italia
92%
110Espanja
91%
118Englanti
83%
104Alankomaat
71%
88Uruguay
71%
73Belgia
59%

Tulosjakauma

Persentiili vastausten määrän mukaan

Jokaisen tuloksen saaneiden osuus

Tuloshistoriasi

Et ole pelannut tätä visaa